Building Shanghai : (Record no. 149684)
[ view plain ]
| 000 -LEADER | |
|---|---|
| fixed length control field | 01762nam a2200397 i 4500 |
| ISBN | 9781118867556 (e-book) |
| 082 04 - DEWEY DECIMAL CLASSIFICATION NUMBER | |
| Classification number | 720.951132 |
| 100 1# - MAIN ENTRY--AUTHOR NAME | |
| Personal name | Denison, Edward, |
| 245 10 - TITLE STATEMENT | |
| Title | Building Shanghai : |
| 300 ## - PHYSICAL DESCRIPTION | |
| Number of Pages | 1 online resource (258 pages) : |
| Other physical details | illustrations (some color) |
| 650 #0 - SUBJECT ADDED ENTRY--TOPICAL TERM | |
| Topical Term | Architecture |
| 700 1# - ADDED ENTRY--PERSONAL NAME | |
| Personal name | Ren, Guang Yu, |
| 856 40 - ELECTRONIC LOCATION AND ACCESS | |
| Uniform Resource Identifier | http://site.ebrary.com/lib/rucke/Doc?id=10987399 |
| 264 #1 - | |
| -- | Chichester, England ; |
| -- | Hoboken, New Jersey : |
| -- | Wiley-Academy, |
| -- | 2006. |
| 336 ## - | |
| -- | text |
| -- | rdacontent |
| 337 ## - | |
| -- | computer |
| -- | rdamedia |
| 338 ## - | |
| -- | online resource |
| -- | rdacarrier |
| 588 ## - | |
| -- | Description based on print version record. |
No items available.
